Commentary : analysis without theory is incomplete (Record no. 64334)

MARC details
000 -CABECERA
campo de control de longitud fija 00641nam a2200229 a 4500
005 - FECHA Y HORA DE LA ÚLTIMA TRANSACCIÓN
campo de control 20210219152937.0
008 - ELEMENTOS DE LONGITUD FIJA--INFORMACIÓN GENERAL
campo de control de longitud fija 991125n 000 0 u
035 ## - NÚMERO DE CONTROL DEL SISTEMA
Número de control de sistema UPN01000068089
100 ## - ASIENTO PRINCIPAL--NOMBRE PERSONAL
Nombre de persona Adams, Don
222 ## - TÍTULO CLAVE
Título clave COMPARATIVE EDUCATION REVIEW
245 ## - MENCIÓN DE TÍTULO
Título Commentary : analysis without theory is incomplete
300 ## - DESCRIPCIÓN FÍSICA
Extensión 381-384
362 ## - FECHAS DE PUBLICACIÓN Y/O DESIGNACIÓN SECUENCIAL
Fecha de publicación y/o designación secuencial 34, No. 3, 1990
505 ## - NOTA DE CONTENIDO CON FORMATO PREESTABLECIDO
Nota de contenido con formato Enero 1991
653 0# - TERMINO DE INDIZACION - NO CONTROLADO
Término no controlado EDUCACION COMPARADA
653 0# - TERMINO DE INDIZACION - NO CONTROLADO
Término no controlado PAISES DESARROLLADOS
653 0# - TERMINO DE INDIZACION - NO CONTROLADO
Término no controlado PLANEACION EDUCATIVA
653 0# - TERMINO DE INDIZACION - NO CONTROLADO
Término no controlado RELACION TEORIA-PRACTICA
653 0# - TERMINO DE INDIZACION - NO CONTROLADO
Término no controlado UTILIZACION DE LA INVESTIGACION
904 ## - ELEMENTOS DE DATOS D LOCAL, LDD (RLIN)
a AC
b 005900
905 ## - TIPO DE MATERIAL
Tipo de material Articulo

No items available.